000 00741nam a2200241 u 4500
001 66886
005 20180714074833.0
008 170315s2014 xxua r 000 0 eng d
020 _a9780124171077
041 0 _aeng
082 0 _a620.001171
_bGRA
100 1 _aGrady, Jeffrey O.,
_eautor
245 1 0 _aSystem requirements analysis /
_cJeffrey O. Grady.
250 _aSecond edition
264 1 _aUnited States of America :
_bElsevier
_c2014
300 _axxx, 801 páginas :
_bilustraciones ;
_c24 cm.
336 _atexto
_2rdacontent
337 _asin mediación
_2rdamedia
338 _avolumen
_2rdacarrier
490 0 _aElsevier Insights
650 4 _aIngeniería de sistemas
650 4 _aAnalisis del sistema
999 _c66886
_d66886